History Quiz

Random History or Play Quiz

(EM) King Edward II: Historically Speaking I Quiz Stats

 Plays Quiz not verified by Sporcle

Score 0/28 Timer 20:00
0 Plays Today
% Correct
Edward I
98.5%
Plantagenet
94%
Ditches
93.5%
Isabella of France
93.5%
Prince of Wales
93%
Caernarfon Castle, Gwynedd
91%
Piers Gaveston
90.5%
Westminster
90.5%
Edward III
90.5%
Excommunicates
90.5%
Isabella of France
90%
Clement V
90%
Eleanor of Castille
89.6%
Piers Gaveston
89.6%
% Correct
Lieutenant of Ireland
89.1%
Crwth
88.6%
Edward Bruce
88.1%
House of Commons
87.6%
Ordinances
87.1%
Robert I the Bruce
86.1%
Scotland
84.1%
Banished from court and cut off funds
83.6%
Bannockburn
79.6%
Alfonso
79.1%
Stirling
78.6%
Bishop Walter Langton
78.6%
Lancaster
66.2%
Ordainers
65.7%

You're not logged in!

Compare scores with friends on all Sporcle quizzes.
OR
Log In

Show Comments

Extras

Top Quizzes Today


Score Distribution

Your Account Isn't Verified!

In order to create a playlist on Sporcle, you need to verify the email address you used during registration. Go to your Sporcle Settings to finish the process.

Report this User

Report this user for behavior that violates our Community Guidelines.

Details: